000 01241ny a22002893n 4500
005 20240305165318.0
008 070529s2007 sp spa
020 _a9788495748874
035 _a2578
040 _aBP-TF
_dvLex
080 _a352/353(649)
090 _c582
_d582
100 1 _aRodríguez-Arana Muñoz, Xaime
245 1 3 _aEl pacto local
_h[Recurso electrónico]
_b: especial referencia a Canarias /
_cpor Jaime Rodríguez-Arana
250 _a2. ed.
256 _aServicio en línea
260 _aMadrid :
_bDIJUSA,
_c2007
300 _a126 p. ;
_c23 cm
500 _aEn la port.: Instituto Canario de Administración Pública, Gobierno de Canarias
506 1 _aContenido solo disponible en los productos indicados
_dvLex Global
_dvLex Global (Academic Edition, excluding Law Schools)
_dvLex Global (U.S. Academic Edition, Law Schools)
_dvLex Global (U.S. Academic Edition, excluding Law Schools)
_dvLex Global (Academic Edition, Law Schools)
650 0 7 _2Tesauro vLex
_aAdministrativo
650 0 7 _2Tesauro vLex
_aActividad administrativa
650 0 7 _2Tesauro vLex
_aActo administrativo
740 0 _avLex Libros (Servicios en línea)
856 4 0 _uhttps://app.vlex.com/#/sources/pacto-local-2578
942 _cRAA
999 _c159105
_d159105